| 000 | 01014nam a2200373 a 4500 | ||
|---|---|---|---|
| 001 | vtls000033078 | ||
| 003 | NLI | ||
| 005 | 20210601183704.0 | ||
| 008 | 101125s1969 enk 000 0 eng | ||
| 020 |
_a709115016 _c$ 4.00 |
||
| 039 | 9 |
_y201011250259 _zVLOAD |
|
| 040 | 0 |
_aNLI _beng _cVERGIS-2003 |
|
| 041 | 0 | _aeng | |
| 044 | _aenk | ||
| 082 | 0 | 4 | _a795.414 |
| 100 | 1 |
_aHayden, Dorothy _999553 |
|
| 245 | 1 | 0 |
_aWinning declarer play/ _cDorothy Hayden |
| 260 |
_aLondon: _bRobert Hale, _cc1969 |
||
| 300 |
_avii, 280 p.; _c21 cm. |
||
| 650 | 0 |
_aAuction bridge _999035 |
|
| 650 | 0 | _aBridge whist | |
| 650 | 0 |
_aCard players _999554 |
|
| 650 | 0 | _aBridge players | |
| 887 | _aNirmaladevi | ||
| 901 |
_a400224 _b16/02/1971 |
||
| 902 | _aE 795.414 H 324 | ||
| 903 | _a05/04/2004 | ||
| 904 | _aNirmaladevi | ||
| 906 | _a032854 | ||
| 949 |
_AVIRTUAITEM _D10000 _F1 _X100 _6PUR000400224ENG _aE 795.414 H324 |
||
| 942 |
_2ddc _cBKS |
||
| 999 |
_aVIRTUA _c36734 _d36734 |
||
| 999 | _aVTLSSORT0200*9010*9020*9490*9991 | ||